Quiz sur les drapeau des pays d'Afrique de l'Est - Statistiques

Statistiques générales
  • Ce quiz a été pris 220 fois
  • Le résultat moyen est 13 sur 17
Statistiques - réponses
Par images Réponse % Correct
Kenya
91%
Ouganda
83%
Ethiopie
81%
Soudan
81%
Somalie
80%
Seychelles
79%
Tanzanie
79%
Comores
75%
Madagascar
75%
Erythree
72%
Soudan du sud
71%
Mozambique
70%
Burundi
68%
Malawi
67%
Djibouti
65%
Rwanda
61%
Ile Maurice
56%
Aucun quiz correspondant
Distribution des résultats
% des personnes avec chaque résultat
Percentile par nombre de réponses
Votre historique - résultats
Vous n’avez pas pris ce quiz